000 00950nam a22002171i 4500
001 179657
003 ES-MaACL
005 20250730024620.0
008 111229s1929 sp |||| | spa d
100 1 _aVillegas, Luis R.
_9115208
245 1 0 _aOrientación profesional para la elección de una carrera, arte u oficio en relación con las facultades del niño
_b: consejos e instrucciones a los padres y maestros encaminados a estos fines / por Luis R. Villegas.
260 _aMadrid :
_bSociedad Española de Higiene,
_c1929.
300 _a49 p. ;
_c22 cm.
490 1 _aLegado Roel: Colección de Memorias Premiadas ;
_v38
500 _aConcurso de 1927-1928.
650 0 4 _aOrientación profesional.
_915770
710 2 _aSociedad Española de Higiene.
_96725
830 0 0 _aLegado Roel: Colección de memorias premiadas
_v38
_9183286
852 _aES-MaACL
_jC-8172(11)
_z.- Encuadernado con otras obras
999 _c179657
_d179657